000
00269nam a2200109Ia 4500
008
190912s9999||||xx |||||||||||||| ||und||
100
_a
Viv Richards
245
0
_a
Sir Vivian : The Definitive Autobiography
260
_a
USA
_b
Addision
_c
2000
300
_a
308
942
_c
BK
999
_c
7473
_d
7473